| 000 | 00717nam a2200253Ia 4500 | ||
|---|---|---|---|
| 001 | dia_1106 | ||
| 003 | CHAP | ||
| 005 | 20230123105216.0 | ||
| 008 | 220117s1998 xx 000 0 und d | ||
| 010 | _a171652 | ||
| 020 | _a970-07-1476-4 | ||
| 040 | _cCHAP | ||
| 082 | _aC 346.9 M41 1998 | ||
| 111 | _aMéxico, Leyes, Decretos, etc. | ||
| 245 |
_aCódigo Civil para el Distrito Federal / _c por México, Leyes, Decretos, etc. |
||
| 260 |
_aMéxico, D.F. : _b Porrua, _c1998 |
||
| 300 | _a627 p. | ||
| 503 | _aC/e | ||
| 650 |
_aDerecho civil _xMéxico _931882 |
||
| 901 | _aC 346.9 M41 1998 | ||
| 902 | _aM | ||
| 905 | _a0000001998 MX X 0000000000SPA00 | ||
| 942 |
_cLIBRO _2ddc |
||
| 999 |
_c171652 _d171652 |
||